Controle cidadão / (Record no. 1422)

MARC details
000 -LÍDER
Campo Fixo de Controle 01447nam a2200301 a 4500
001 - NÚMERO DE CONTROLE
Campo de Controle 1422
003 - IDENTIFICAÇÃO DO NÚMERO DE CONTROLE
Campo de Controle BR-CuiBMT
005 - DATA E HORA DA ÚLTIMA ATUALIZAÇÃO
Campo de Controle 20231207233558.0
008 - DADOS FIXOS
Dados Fixos 231127s2015 ceba 000 0 por d
020 ## - INTERNATIONAL STANDARD BOOK NUMBER
Nº do ISBN 9788575296981 (v. 1)
020 ## - INTERNATIONAL STANDARD BOOK NUMBER
Nº do ISBN 9788575296998 (v. 2)
020 ## - INTERNATIONAL STANDARD BOOK NUMBER
Nº do ISBN 9788575297001 (v. 3)
040 ## - AGÊNCIA CATALOGADORA
Código da Agência Catalogadora BR-CuiBMT
Agência que transcreveu o registro BR-CuiBMT
080 ## - Nº DA CLASSIFICAÇÃO DECIMAL UNIVERSAL
Nº Class. CDU 336.14
Subd. Auxiliar Comum (813.1)
Nº edição CDU 2007
090 ## - NÚMERO DE CHAMADA
Nº classificação 336.14(813.1)
Cutter C764
245 10 - TÍTULO PRINCIPAL
Título principal Controle cidadão /
Indicação de responsabilidade Daniela Nogueira (org.).
260 ## - PUBLICAÇÃO, DISTRIBUIÇÃO, ETC.
Local de publicação Fortaleza :
Editora Tribunal de Contas do Estado do Ceará,
Data 2015.
300 ## - DESCRIÇÃO FÍSICA
N. páginas ou volumes 3 v. :
Ilustrações il. ;
Dimensões 23 cm +
Material adicional 1 CD-ROM
500 ## - NOTAS GERAIS
Notas gerais Publicação relacionada ao Curso Controle Cidadão realizado em parceria com Fundação Demócrito Rocha, Universidade Aberta do Nordeste e Tribunal de Contas do Estado do Ceará.
504 ## - NOTA DE BIBLIOGRAFIA, ETC.
Nota de bibliografia Inclui bibliografia.
504 ## - NOTA DE BIBLIOGRAFIA, ETC.
Nota de bibliografia Obra composta por 3 folhetos (46 p. cada um) encadernados. Reunidos foram considerados como uma monografia.<br/>
504 ## - NOTA DE BIBLIOGRAFIA, ETC.
Nota de bibliografia Colaboraram com esta obra os seguintes autores: Luiz Henrique Lima, Rafael Barreto Souza, Benedito Teixeira, José Matias-Pereira, Bruno Konder Comparato, Natalia Martinuzzi Castilho, Gustavo Feitosa, Cesar Wagner Marques Barreto, Ubiratan Aguiar, Daniela Nogueira.
610 14 - ASSUNTO -- ENTIDADE
Nome da Entidade ou lugar Ceará.
Unidade subordinada Tribunal de Contas
650 ## - ASSUNTO TÓPICO
Cabeçalho tópico ou nome geográfico Administração pública
Subdivisão geral Controle
Subdivisão geográfica Ceará
650 ## - ASSUNTO TÓPICO
Cabeçalho tópico ou nome geográfico Orçamento público
Subdivisão geral Controle
Subdivisão geográfica Ceará
700 1# - ENTRADA SECUNDÁRIA -- NOME PESSOAL
Nome pessoal Nogueira, Daniela
Cód. do termo explicativo org.
942 ## - ELEMENTOS DE ENTRADA ADICIONAIS (KOHA)
Fonte de classificação ou esquema de arquivamento Classificação Decimal Universal
Tipo de item do Koha Livros
Holdings
Estado: removido Estado: perdido Fonte de classificação ou esquema de arquivamento Estado: danificado Indisponível para empréstimo Localização permanente Localização atual Data de aquisição Numeração serial ou cronológica (Volume) Total Checkouts Número de Chamada completo Código de barras Date last seen Número do exemplar Preço efetivo a partir de Tipo de item (Koha) Especificação Nota pública
    Classificação Decimal Universal     Biblioteca da Escola Superior de Contas do TCE/MT Biblioteca da Escola Superior de Contas do TCE/MT 07/12/2023 v. 1   336.14(813.1) C764 BIBTCEMT23120308 07/12/2023 Ex. 1 07/12/2023 Livros    
    Classificação Decimal Universal     Biblioteca da Escola Superior de Contas do TCE/MT Biblioteca da Escola Superior de Contas do TCE/MT 07/12/2023 v. 1   336.14(813.1) C764 BIBTCEMT23120309 07/12/2023 Ex. 1 07/12/2023 CD-ROM Material adicional do v. 1, Ex. 1 do livro CD-ROM
    Classificação Decimal Universal     Biblioteca da Escola Superior de Contas do TCE/MT Biblioteca da Escola Superior de Contas do TCE/MT 07/12/2023 v. 2   336.14(813.1) C764 BIBTCEMT23120310 07/12/2023 Ex. 1 07/12/2023 Livros    
    Classificação Decimal Universal     Biblioteca da Escola Superior de Contas do TCE/MT Biblioteca da Escola Superior de Contas do TCE/MT 07/12/2023 v. 2   336.14(813.1) C764 BIBTCEMT23120311 07/12/2023 Ex. 1 07/12/2023 CD-ROM Material adicional do v. 2, Ex. 1 do livro CD-ROM
    Classificação Decimal Universal     Biblioteca da Escola Superior de Contas do TCE/MT Biblioteca da Escola Superior de Contas do TCE/MT 07/12/2023 v. 3   336.14(813.1) C764 BIBTCEMT23120314 07/12/2023 Ex. 1 07/12/2023 Livros    
    Classificação Decimal Universal     Biblioteca da Escola Superior de Contas do TCE/MT Biblioteca da Escola Superior de Contas do TCE/MT 07/12/2023 v. 3   336.14(813.1) C764 BIBTCEMT23120315 07/12/2023 Ex. 1 07/12/2023 CD-ROM Material adicional do v. 3, Ex. 1 do livro CD-ROM

Powered by Koha